| 000 | 01005cam a2200277 4500 | ||
|---|---|---|---|
| 001 | M91179 | ||
| 008 | 090401t1998 xxu||||| |||| 00| 0 eng d | ||
| 020 | _a0117021539 | ||
| 035 | _a(Sirsi) u85207 | ||
| 041 | _aeng | ||
| 050 | _a692.8 | ||
| 110 |
_aProperty Advisers to the Civil Estate _93610 |
||
| 245 | _aGC/Works/3 1998 : contract for mechanical and electrical engineering works : general conditions. | ||
| 250 | _a(New ed.) | ||
| 260 |
_aLondon _bStationery Office _c1998 |
||
| 300 | _avi,73p. ; 30cm. | ||
| 350 | _a30 | ||
| 520 | _aFor Model Forms and Commentary see M91180. Replaces C1020 and C1030 (1990). For use on contracts of a wide value range for the provision of mechanical and electrical services and plant in a building. | ||
| 650 | _aGC/WORKS/3 | ||
| 650 | _aGENERAL CONDITIONS OF CONTRACT | ||
| 650 | _aMECHANICAL AND ELECTRICAL SERVICES | ||
| 650 | _aPLANT AND MACHINERY | ||
| 690 | _aBUILT ENVIRONMENT-BUILDING CONTRACT FORMS | ||
| 942 | _n0 | ||
| 948 | _c26/03/1998 | ||
| 999 |
_c97021 _d97021 |
||